|
|
|
|
| LEADER |
00000cam a22000002c 4500 |
| 001 |
1122475543 |
| 003 |
DE-627 |
| 005 |
20220516133701.0 |
| 007 |
tu |
| 008 |
960612s1974 xx ||||| m 00| ||eng c |
| 035 |
|
|
|a (DE-627)1122475543
|
| 035 |
|
|
|a (DE-576)052475549
|
| 035 |
|
|
|a (DE-599)BSZ052475549
|
| 035 |
|
|
|a (OCoLC)312397708
|
| 040 |
|
|
|a DE-627
|b ger
|c DE-627
|e rakwb
|
| 041 |
|
|
|a eng
|
| 100 |
1 |
|
|a Lambert, Virginia May
|0 (DE-627)1245463101
|0 (DE-576)175463107
|4 aut
|
| 109 |
|
|
|a Lambert, Virginia May
|a May Lambert, Virginia
|
| 245 |
1 |
3 |
|a An investigation of the relationship of delinquent self conception to adjudication for delinquency
|c Virginia May Lambert
|
| 264 |
|
1 |
|a Ann Arbor, Mich.
|b Univ. Microfilms
|c 1974
|
| 300 |
|
|
|a XI, 224 S.
|
| 336 |
|
|
|a Text
|b txt
|2 rdacontent
|
| 337 |
|
|
|a ohne Hilfsmittel zu benutzen
|b n
|2 rdamedia
|
| 338 |
|
|
|a Band
|b nc
|2 rdacarrier
|
| 502 |
|
|
|a Zugl.: Univ. of Wisconsin, Diss., 1969
|
| 583 |
1 |
|
|a Archivierung prüfen
|c 20200919
|f DE-640
|z 1
|2 pdager
|
| 655 |
|
7 |
|a Hochschulschrift
|0 (DE-588)4113937-9
|0 (DE-627)105825778
|0 (DE-576)209480580
|2 gnd-content
|
| 751 |
|
|
|a Madison, Wis.
|0 (DE-588)4114900-2
|0 (DE-627)105818542
|0 (DE-576)209488646
|4 uvp
|
| 951 |
|
|
|a BO
|
| ELC |
|
|
|b 1
|
| LOK |
|
|
|0 000 xxxxxcx a22 zn 4500
|
| LOK |
|
|
|0 001 2282717104
|
| LOK |
|
|
|0 003 DE-627
|
| LOK |
|
|
|0 004 1122475543
|
| LOK |
|
|
|0 005 19960612000000
|
| LOK |
|
|
|0 008 960612||||||||||||||||ger|||||||
|
| LOK |
|
|
|0 040
|a DE-21
|c DE-627
|d DE-21
|
| LOK |
|
|
|0 852
|a DE-21
|
| LOK |
|
|
|0 852 1
|c KB 4 A 153
|9 00
|
| LOK |
|
|
|0 935
|a krim
|
| LOK |
|
|
|0 939
|a 12-06-96
|b l01
|
| ORI |
|
|
|a SA-MARC-krimdoka001.raw
|
| SIG |
|
|
|a UB: KB 4 A 153
|